| 000 | 00514nam a2200181Ia 4500 | ||
|---|---|---|---|
| 999 |
_c29788 _d29788 |
||
| 003 | OSt | ||
| 005 | 20210107091157.0 | ||
| 008 | 190216s9999||||xx |||||||||||||| ||und|| | ||
| 020 | _a9788126427673 | ||
| 040 | _coclc | ||
| 082 |
_a894.812301 _bTHO/S |
||
| 100 |
_aThomas, Suresh P _96673 |
||
| 245 | 0 |
_aSathyamayum Njan Kandu / _cSuresh P Thomas |
|
| 260 |
_bDc Books, _c2010. _aKottayam: |
||
| 300 | _a88p | ||
| 650 | _aKathakal | ||
| 942 |
_cBK _2ddc _h894.812301 _iTHO/S _k894.812301 _mTHO/S |
||